Entrepreneurship Development and Planning (Record no. 7001)

MARC details
000 -LEADER
fixed length control field 00346nam a2200145Ia 4500
003 - CONTROL NUMBER IDENTIFIER
control field OSt
008 - FIXED-LENGTH DATA ELEMENTS--GENERAL INFORMATION
fixed length control field 191201s2019 xx 000 0 und d
082 ## - DEWEY DECIMAL CLASSIFICATION NUMBER
Classification number 658.421
Item number MAE
100 ## - MAIN ENTRY--PERSONAL NAME
Personal name MANJEET,Kalra
245 #0 - TITLE STATEMENT
Title Entrepreneurship Development and Planning
260 ## - PUBLICATION, DISTRIBUTION, ETC. (IMPRINT)
Name of publisher, distributor, etc AITBS Pub
Place of publication, distribution, etc New Delhi
Date of publication, distribution, etc 2012
300 ## - PHYSICAL DESCRIPTION
Extent 132
650 ## - SUBJECT ADDED ENTRY--TOPICAL TERM
Topical term or geographic name as entry element MBA
942 ## - ADDED ENTRY ELEMENTS (KOHA)
Source of classification or shelving scheme Dewey Decimal Classification
Koha item type Text Books
Holdings
Withdrawn status Lost status Source of classification or shelving scheme Damaged status Not for loan Collection code Home library Current library Date acquired Source of acquisition Cost, normal purchase price Bill Number Total Checkouts Full call number Acc. no. / Barcode Date last seen Date last borrowed Actual Cost, discounted price Bill Date Koha item type Checked out
    Dewey Decimal Classification     MBA PIET C-LIBRARY PIET C-LIBRARY 21/07/2020 Kirti Prakashan 195.00 IN 3907 1 658.421 MAE 31090 06/01/2026 07/05/2025 130.65 18/05/2019 Text Books  
    Dewey Decimal Classification     MBA PIET C-LIBRARY PIET C-LIBRARY 21/07/2020 Kirti Prakashan 195.00 IN 3907 5 658.421 MAE 31091 29/10/2025 10/10/2025 130.65 18/05/2019 Text Books  
    Dewey Decimal Classification     MBA PIET C-LIBRARY PIET C-LIBRARY 21/07/2020 Kirti Prakashan 195.00 IN 3907 3 658.421 MAE 31092 29/01/2025 29/01/2025 130.65 18/05/2019 Text Books 18/08/2025
    Dewey Decimal Classification     MBA PIET C-LIBRARY PIET C-LIBRARY 21/07/2020 Kirti Prakashan 195.00 IN 3907 5 658.421 MAE 31093 30/05/2025 16/05/2025 130.65 18/05/2019 Text Books  
    Dewey Decimal Classification     MBA PIET C-LIBRARY PIET C-LIBRARY 21/07/2020 Kirti Prakashan 195.00 IN 3907   658.421 MAE 31094 04/12/2019   130.65 18/05/2019 Text Books  

Design & Developed by: PIET Central Library
R70 Miles Stone Pattikalyana Samalkha Panipat 132102
mail ID :- [email protected], Phone No:- 0180-2569700 Ex.216